К жизни: Повести, роман, рассказы

Бібліографічні деталі
Автор: Вересаев В. В. Викентий Викентьевич
Інші автори: Кулешов Ф. И. (составитель)
Мова:Російська
Опубліковано: Минск, Мастацкая лiтаратура, 1989
Серія:Библиотека отечественной и зарубежной классики
Предмети:
Формат: Книга
KOHA link:https://koha.lib.tpu.ru/cgi-bin/koha/opac-detail.pl?biblionumber=134470

MARC

LEADER 00000nam0a2200000 4500
001 134470
005 20231031135709.0
010 |a 5340003744 
020 |a RU  |b 89-41259 
035 |a (RuTPU)RU\TPU\book\145769 
090 |a 134470 
100 |a 20080331d1989 m y0rusy5003 ca 
101 0 |a rus 
102 |a BY 
105 |a y z 000ay 
200 1 |a К жизни  |e Повести, роман, рассказы  |f В. В. Вересаев  |g сост. , вступ. ст. и коммент. Ф. И. Кулешов 
210 |a Минск  |c Мастацкая лiтаратура  |d 1989 
215 |a 603,[2] с.  |d 21 см 
225 1 |a Библиотека отечественной и зарубежной классики 
327 1 |a Содерж.: В тупике: Роман; Повести: Без дороги; На повороте; К жизни; Исанка; Рассказы: Поветрие; Euthymia 
610 1 |a советская литература 
610 1 |a повести 
610 1 |a романы 
610 1 |a рассказы 
675 |a Р2  |z rus 
700 1 |a Вересаев  |b В. В.  |c русский писатель  |f 1867-1945  |g Викентий Викентьевич  |2 stltpush  |3 (RuTPU)RU\TPU\pers\37670 
702 1 |a Кулешов  |b Ф. И.  |4 220 
801 0 |a RU  |b RuMRKP  |c 19950417  |g psbo 
801 1 |a RU  |b 63413507  |c 20080331  |g PSBO 
801 2 |a RU  |b 63413507  |c 20161219  |g PSBO 
942 |c BK